| 000 | | | 03834nmc2a22000003x 450 |
| 001 | | | 825e19eb-5031-4995-91d6-b09e297404b0 |
| 005 | | | 20181010193236.0 |
| 100 | ## | $a | 20170207l18861905k l0rusy0189 ca |
| 101 | 0# | $a | rus |
| 102 | ## | $a | RU |
| 200 | 1# | $a | Работа Г.А. Власьева по истории рода князей Оболенских с выписками |
| | $j | без даты |
| 251 | ## | $c | Дело |
| 300 | ## | $a | Материалы к работе Геннадия Александровича Власьева "Потомство Рюрика". Князья Черниговские |
| 300 | ## | $a | Черновик, тетрадь |
| 801 | #0 | $a | RU |
| | $b | РГИА |
| | $c | 20170207 |
| | $g | RCR |
| 801 | #1 | $a | RU |
| | $b | ГлавНИВЦ |
| | $c | 20170207 |
| | $2 | rusmarc |
| 801 | #2 | $a | RU |
| | $b | ПБ им. Б.Н. Ельцина |
| | $c | 20181010 |
| | $g | RCR |
| | $2 | rusmarc |
| 850 | ## | $a | РГИА |
| 852 | ## | $a | РГИА |
| | $e | Федеральное казенное учреждение "Российский государственный исторический архив" (РГИА) |
| | $j | 25 |
| 937 | ## | $h | РГИА |
| | $d | 12234214 |
| | $a | ASBIBLIO_SCAN |
| 462 | #0 | $1 | 001bb40ad27-423c-4fb8-abe9-c40b6ca0b2aa |
| | $1 | 2001 |
| | $a | Работы Г.А. Власьева по истории русских дворянских родов |
| | $1 | 251 |
| | $c | Опись |
| | $1 | 852 |
| | $j | 1 |
| 461 | #0 | $1 | 0010fb517a8-fed8-4f75-81c1-089d27e39d57 |
| | $1 | 2001 |
| | $a | Власьев Геннадий Александрович (1842-1912 гг.), генерал-лейтенант, генеалог |
| | $1 | 251 |
| | $c | Фонд |
| | $1 | 852 |
| | $j | 957 |
| 215 | ## | $a | 75 л. |
| | $d | 22х18,5 см |
| 371 | ## | $a | Документ не является опубликованным и широко распространяемым |
| 105 | ## | $a | y### |
| 122 | 2# | $a | d |
| 035 | ## | $a | 825e19eb-5031-4995-91d6-b09e297404b0 |
| 856 | ## | $u | http://readingroom.main.prlib.ru/item.aspx?id_node=n119166085&mode=full |